000
00262nam a22001217a 4500
082
_a
297.09 ALI
100
_a
Ali, K
245
_a
A Study of Islamic HIstory
260
_a
Delhi
_b
Adam Publishers
_c
2014
300
_a
369
650
_a
Islam History
942
_c
BK
999
_c
19995
_d
19995